000 00334 a2200109 4500
001 ART_40063
005 20260410161842.0
008 260409a
245 1 0 _aReducción salarial, control interorgánico y estado de derecho
100 1 _aTorres, Ismael F.
773 0 _tRAP
_g- Año 22, Nº 263 (ago. 2000)
_wREV5941
999 _c24178
_d24178